| 000 | 00345pab a2200133 454500 | ||
|---|---|---|---|
| 008 | 180718b2002 xxu||||| |||| 00| 0 eng d | ||
| 100 | _aMachiraju, H.R. | ||
| 245 | _aIndian financial system. New Delhi: Vikas, 2002. Rs.180.00.Rb Manoj Anand | ||
| 260 | _c2002 | ||
| 300 | _aP.109-11. | ||
| 362 | _aJan-Jun | ||
| 773 | _aVision | ||
| 909 | _a53200 | ||
| 999 |
_c53200 _d53200 |
||